000 01547cam a22002653a 4500
001 964
003 PGUSA
005 20140828082955.0
008 060205s2006||||xxu|||||s|||||000 | eng d
040 _aPGUSA
_beng
042 _adc
050 4 _aPS
050 4 _aPZ
100 1 _aPyle, Howard,
_d1853-1911
245 1 4 _aThe Merry Adventures of Robin Hood
_h[electronic resource] /
_cHoward Pyle
260 _bProject Gutenberg,
_c2006
505 0 _aPreface: from the author to the reader -- How Robin Hood came to be an outlaw -- Robin Hood and the tinker -- The shooting-match at Nottingham town -- Will Stutely rescued by his good companions -- Robin Hood turns butcher -- Little john goes to Nottingham fair -- How Little John lived at the sheriff's -- Little John and the tanner of Blyth -- Robin Hood and Will Scarlet -- The adventure with Midge the miller's son -- Robin Hood and Allan a Dale -- Robin seeketh the Curtal Friar -- Robin Hood compasses a marriage -- Robin Hood aids a sorrowful knight -- How Sir Richard of the Lea paid his debts -- Little John turns barefoot friar -- Robin Hood turns beggar -- Robin Hood shoots before Queen Eleanor -- The chase of Robin Hood -- Robin Hood and Guy of Gisbourne -- King Richard comes to Sherwood Forest -- Epilogue.
506 _aPublic domain in the USA.
516 _aElectronic text
653 _aFolklore -- England
653 _aRobin Hood (Legendary character) -- Legends
830 0 _aProject Gutenberg
_v964
856 4 0 _uhttp://www.gutenberg.org/ebooks/964
942 _cEB
999 _c230315
_d230315